000 01214cab a2200217 4500
001 ##L134198
008 060717n2006 000 0 eng u
035 _a(Sirsi) u134198
041 0 _aeng
100 1 _aWalker, Douglas
245 0 0 _aBuilding Scotland Act 2003
_barrangements for the certification of structural design
260 _c2006
490 0 _aConstruction Law Journal
_v22(4) 2006, 207-216(10)
520 _aExplains the new regulations which have changed the way in which a design may be certified for building regulation compliance in Scotland, and outlines the organisations set up to administer the new system. Sets out the details of the scheme, including the scope of certification and the roles and responsibilities of designers and certifiers, and discusses the risks and liabilities associated with the certification role, and methods of limiting liability. Also makes recommendations on how clients and their technical advisers should approach design certification in Scotland.
590 _aIKA180706
650 2 4 _aBUILDING (SCOTLAND) ACT 2003
650 2 4 _aBUILDING (SCOTLAND) REGULATIONS 2004
651 4 _aScotland
_y1999-
690 _aBuilding regulations
_96224
942 _n0
999 _c77402
_d77402